Most Guessed Flags of the World - Statistics

General Stats
  • This quiz has been taken 19 times
  • The average score is 15 of 19
Answer Stats
Answer % Correct
96% Canada
100%
91% Russia
100%
93% France
94%
88% Japan
94%
98% United Kingdom
94%
99% United States
94%
96% Australia
89%
86% Brazil
89%
84% China
89%
92% Italy
78%
84% Sweden
78%
81% Finland
72%
80% Germany
72%
81% Norway
72%
86% South Korea
72%
89% Ireland
67%
91% New Zealand
67%
84% Netherlands
61%
83% Greece
56%
No matching quizzes found
Score Distribution
Percent of People with Each Score
Percentile by Number Answered
Your Score History
You have not taken this quiz